| Поле | Название | Значение |
| |
Тип записи |
a |
| |
Библиографический уровень |
m |
| 001 |
Контрольный номер |
RU/URAIT/562081 |
| 005 |
Дата корректировки |
20260429163710.0 |
| 008 |
Кодируемые данные |
260429s2025 RU y f j 000 0 rus u |
| 020 |
Индекс ISBN |
__ |
| a |
ISBN |
978-5-534-10844-6 |
| c |
Цена, тираж |
2259.00 |
| 040 |
Источник каталогиз. |
__ |
| a |
Служба первич. каталог. |
ИКО Юрайт |
| c |
Служба, преобразующая запись |
ИКО Юрайт |
| e |
Правила каталог. |
RCR |
| 041 |
Код языка издания |
__ |
| a |
Код языка текста |
rus |
| 044 |
Код страны публикации |
__ |
| a |
Код страны публикации |
RU |
| 080 |
Индекс УДК |
__ |
| a |
Индекс УДК |
591.4(075.8) |
| 084 |
Индекс другой классификации/Индекс ББК |
__ |
| 2 |
Источник индекса |
rubbk |
| a |
Индекс другой классификации/Индекс ББК |
45.2я73 |
| 100 |
Автор |
__ |
| a |
Автор |
Антипова Л. В. |
| q |
Полное имя |
Антипова Людмила Васильевна |
| 245 |
Заглавие |
__ |
| a |
Заглавие |
Анатомия и гистология сельскохозяйственных животных |
| b |
Продолж. заглавия |
учебник и практикум для вузов |
| c |
Ответственность |
Л. В. Антипова, В. С. Слободяник, С. М. Сулейманов. |
| 250 |
Сведения об издании |
__ |
| g |
|
пер. и доп |
| a |
Основные сведения об издании |
2-е изд. |
| 256 |
Характеристики компьютерного файла |
__ |
| a |
Характеристики компьютерного файла |
Электрон. дан. |
| 260 |
Выходные данные |
__ |
| a |
Место издания |
Москва |
| b |
Издательство |
Юрайт |
| c |
Дата издания |
2025 |
| 300 |
Физическое описание |
__ |
| a |
Объем |
396 с |
| 440 |
Серия |
__ |
| a |
Серия |
Высшее образование |
| 500 |
Примечания |
__ |
| a |
Примечание |
URL: https://urait.ru/bcode/562081 (дата обращения: 29.04.2026). |
| 520 |
Аннотация |
__ |
| a |
Аннотация |
Курс содержит полный курс анатомии и гистологии наиболее распространенных видов сельскохозяйственных животных и птиц. Рассмотрены структурные элементы организма, клеточное строение и особенности различных тканей, системы органов, морфология домашних животных. Приведены сведения об использовании различных частей организма животного в перерабатывающей промышленности. В заключительных разделах освещены темы разведения и селекции, кормления животных, а также указаны основные методы морфологических исследований клеток, тканей и органов. |
| 538 |
Прим. о системных особенностях |
__ |
| a |
Прим. о системных особенностях |
Режим доступа: Электронно-библиотечная система Юрайт, для авториз. пользователей |
| 653 |
Ключевые слова |
__ |
| a |
Ключевые слова |
Биология и биотехнологии |
| 653 |
Ключевые слова |
__ |
| a |
Ключевые слова |
Естественные науки |
| 653 |
Ключевые слова |
__ |
| a |
Ключевые слова |
Основы животноводства |
| 653 |
Ключевые слова |
__ |
| a |
Ключевые слова |
Анатомия и гистология сельскохозяйственных животных |
| 653 |
Ключевые слова |
__ |
| a |
Ключевые слова |
Разведение животных |
| 653 |
Ключевые слова |
__ |
| a |
Ключевые слова |
Основы зоотехнии |
| 653 |
Ключевые слова |
__ |
| a |
Ключевые слова |
Биологические и хозяйственные особенности сельскохозяйственных животных |
| 653 |
Ключевые слова |
__ |
| a |
Ключевые слова |
Разведение животных с основами частной зоотехнии |
| 653 |
Ключевые слова |
__ |
| a |
Ключевые слова |
Экология сельскохозяйственных животных |
| 653 |
Ключевые слова |
__ |
| a |
Ключевые слова |
Основы животноводства, анатомия и гистология сельскохозяйственных животных |
| 653 |
Ключевые слова |
__ |
| a |
Ключевые слова |
Анатомия и гистология с-х животных |
| 653 |
Ключевые слова |
__ |
| a |
Ключевые слова |
Биологические особенности сельскохозяйственных животных |
| 653 |
Ключевые слова |
__ |
| a |
Ключевые слова |
Морфология сельскохозяйственных животных |
| 653 |
Ключевые слова |
__ |
| a |
Ключевые слова |
Основы анатомии и физиологии животных |
| 653 |
Ключевые слова |
__ |
| a |
Ключевые слова |
Разведения |
| 653 |
Ключевые слова |
__ |
| a |
Ключевые слова |
Введение в зоотехнию |
| 653 |
Ключевые слова |
__ |
| a |
Ключевые слова |
Введение в животноводство |
| 653 |
Ключевые слова |
__ |
| a |
Ключевые слова |
Животноводство |
| 653 |
Ключевые слова |
__ |
| a |
Ключевые слова |
Интенсивные технологии в животноводстве |
| 653 |
Ключевые слова |
__ |
| a |
Ключевые слова |
Общая и частная зоотехния |
| 653 |
Ключевые слова |
__ |
| a |
Ключевые слова |
Основы зоотехники |
| 653 |
Ключевые слова |
__ |
| a |
Ключевые слова |
Анатомия сельскохозяйственных животных |
| 653 |
Ключевые слова |
__ |
| a |
Ключевые слова |
Общая зоотехния |
| 700 |
Другие авторы |
__ |
| a |
Другие авторы |
Слободяник В. С. |
| q |
Полное имя |
Слободяник Валентина Сергеевна |
| 700 |
Другие авторы |
__ |
| a |
Другие авторы |
Сулейманов С. М. |
| q |
Полное имя |
Сулейманов Сулейман Мухитдинович |
| 856 |
Электронный адрес документа |
40 |
| n |
Местонахождение сервера |
Юрайт |
| g |
|
Электронная книга |
| q |
Тип электронного формата |
html |
| h |
Имя пользователя |
ЮРАЙТ |
| v |
Часы доступа к ресурсу |
20271231 |
| 2 |
Способ доступа |
Показать документ |
| x |
Служебное примечание |
https://urait.ru/book/cover/EC5281C4-4DB8-4911-89CF-BE49280328B0 |
| u |
URL |
https://urait.ru/bcode/562081 |
| 856 |
Электронный адрес документа |
48 |
| q |
Тип электронного формата |
cover |
| u |
URL |
https://urait.ru/book/cover/EC5281C4-4DB8-4911-89CF-BE49280328B0 |
| 911 |
|
__ |
| u |
|
0030=https://urait.ru/bcode/562081 |
| 911 |
|
__ |
| u |
|
073a=9785534108446 |
| u |
|
073d=2259.00 |
| 911 |
|
__ |
| u |
|
106a=s |
| 911 |
|
__ |
| u |
|
900l= |
| 952 |
Тип литературы |
__ |
| i |
Дисциплина |
Основы животноводства |
| 952 |
Тип литературы |
__ |
| i |
Дисциплина |
Анатомия и гистология сельскохозяйственных животных |
| 952 |
Тип литературы |
__ |
| i |
Дисциплина |
Разведение животных |
| 952 |
Тип литературы |
__ |
| i |
Дисциплина |
Основы зоотехнии |
| 952 |
Тип литературы |
__ |
| i |
Дисциплина |
Биологические и хозяйственные особенности сельскохозяйственных животных |
| 952 |
Тип литературы |
__ |
| i |
Дисциплина |
Разведение животных с основами частной зоотехнии |
| 952 |
Тип литературы |
__ |
| i |
Дисциплина |
Экология сельскохозяйственных животных |
| 952 |
Тип литературы |
__ |
| i |
Дисциплина |
Основы животноводства, анатомия и гистология сельскохозяйственных животных |
| 952 |
Тип литературы |
__ |
| i |
Дисциплина |
Анатомия и гистология с-х животных |
| 952 |
Тип литературы |
__ |
| i |
Дисциплина |
Биологические особенности сельскохозяйственных животных |
| 952 |
Тип литературы |
__ |
| i |
Дисциплина |
Морфология сельскохозяйственных животных |
| 952 |
Тип литературы |
__ |
| i |
Дисциплина |
Основы анатомии и физиологии животных |
| 952 |
Тип литературы |
__ |
| i |
Дисциплина |
Разведения |
| 952 |
Тип литературы |
__ |
| i |
Дисциплина |
Введение в зоотехнию |
| 952 |
Тип литературы |
__ |
| i |
Дисциплина |
Введение в животноводство |
| 952 |
Тип литературы |
__ |
| i |
Дисциплина |
Животноводство |
| 952 |
Тип литературы |
__ |
| i |
Дисциплина |
Интенсивные технологии в животноводстве |
| 952 |
Тип литературы |
__ |
| i |
Дисциплина |
Общая и частная зоотехния |
| 952 |
Тип литературы |
__ |
| i |
Дисциплина |
Основы зоотехники |
| 952 |
Тип литературы |
__ |
| i |
Дисциплина |
Анатомия сельскохозяйственных животных |
| 952 |
Тип литературы |
__ |
| i |
Дисциплина |
Общая зоотехния |